| 000 | 01203nam0a2200289 i 4500 | ||
|---|---|---|---|
| 001 | RU\NLR\BIBL_A\011478991 | ||
| 005 | 20240921164624.0 | ||
| 010 |
_a9785950016875 _9117 |
||
| 021 |
_aRU _b2017-62867 _94452 |
||
| 035 | _a(RuMoRGB)009371619 | ||
| 035 | _a(NLR Aleph) 011478991 | ||
| 090 |
_a11889957 _c11889957 |
||
| 100 | _a20170926d2017 um y0rusy50 ca | ||
| 101 | 0 | _arus | |
| 102 | _aRU | ||
| 105 | _aach|z|||000zy | ||
| 200 | 1 |
_aИстория жизни и труда _e[БОФ, ТОФ, Владикавказ, Норильск, Москва] _fХ. А. Базоев |
|
| 210 |
_aМосква _c[б. и.] _d2017 |
||
| 215 |
_a176 с. _cил., цв. ил., портр., табл. _d25 |
||
| 606 | 1 |
_aЦветная металлургия _jВоспоминания, записки и т.п _yСССР _92022216 _3RU\NLR\AUTH\661215555 |
|
| 686 |
_aУ9(2)305.552.511.092 _2rubbk |
||
| 686 | 1 | _aУ30(2)555.2 | |
| 700 | 1 |
_aБазоев _bХ. А. _gХазбечир Асахметович |
|
| 942 | _cBOOK | ||
| 980 | _aNBR | ||